书目信息 |
| 题名: |
吕氏春秋
|
|
| 作者: | 吕不韦 编 ;高诱 注 | |
| 分册: | 四 | |
| 出版信息: | 杭州 浙江书局 1875年(光绪元年) |
|
| 页数: | 1册 | |
| 开本: | 24*15cm | |
| 丛书名: | ||
| 单 册: | ||
| 中图分类: | B229.2 | |
| 科图分类: | ||
| 主题词: | 先秦哲学 | |
| 电子资源: | ||
| ISBN: | ||
| 000 | 00725nam0 2200241 450 | |
| 001 | 0631772328 | |
| 005 | 20061018090916.32 | |
| 010 | @b线装@dCNY5.00(函) | |
| 100 | @a20061018d1875 km y0chiy0120 ea | |
| 101 | 0 | @achi |
| 102 | @aCN@b330000 | |
| 200 | 1 | @a吕氏春秋@Alu shi chun qiu@h四@f(战国)吕不韦等编@F(zhan guo)lu bu wei deng bian@g(东汉)高诱注@G(dong han)gao you zhu |
| 205 | @b影印本 | |
| 210 | @a杭州@c浙江书局@d1875年(光绪元年) | |
| 215 | @a1册@d24*15cm | |
| 300 | @a第一至第六册为一函,本函缺第一册 | |
| 305 | @a本版据华氏灵严山馆本刻 | |
| 606 | 0 | @a先秦哲学 |
| 690 | @aB229.2@v3 | |
| 701 | 0 | @a吕不韦@Alu bu wei@4编 |
| 702 | 0 | @a高诱@Agao you@4注 |
| 801 | 0 | @aCN@bPFT@c20061018 |
| 905 | @a10447@dB229.2@e9:4 | |
| 吕氏春秋.四/(战国)吕不韦等编/(东汉)高诱注.-影印本.-杭州:浙江书局,1875年(光绪元年) |
| 1册;24*15cm |
| 第一至第六册为一函,本函缺第一册 |
| ISBN (线装):CNY5.00(函) |
| ● |
| 相关链接 |
|
|
|
|
正题名:吕氏春秋
索取号:B229.2/9:4
 
预约/预借
| 序号 | 登录号 | 条形码 | 馆藏地/架位号 | 状态 | 备注 |
| 1 | 0266059 | 202404497 | 古籍典藏专区/ [索取号:B229.2/9:4] | 在馆 |